000 00326nam a2200133Ia 4500
008 240624s9999 xx 000 0 und d
041 _aeng
082 _a657.45 BAR
100 _aBARHAM KEVIN
245 _aTEAMS AUDIT
260 _aUK
_bCambridge Strategy Publications Ltd
300 _a59 : p. : cm. ; 29
365 _cRS
_b50
999 _c28496
_d28496